| 000 | 00359nam a22001577a 4500 | ||
|---|---|---|---|
| 003 | OSt | ||
| 020 | _a9788131762165 | ||
| 040 |
_c0 _d0 |
||
| 082 |
_222 _a005.1 |
||
| 100 | _aSommerville, Ian. | ||
| 245 | _aSoftware engineering / | ||
| 250 | _a9th ed | ||
| 260 |
_aNew Delhi, _bPearson, _cc2013 |
||
| 300 |
_axv, 773 p. ; _bill. ; _c23.5 cm |
||
| 942 |
_2ddc _cIT _05 |
||
| 999 |
_c4900 _d4900 |
||